000
00275nam a22001217a 4500
008
171101b xxu||||| |||| 00| 0 eng d
041
_a
eng
080
_a
339.9
100
_a
59
101
_a
GLO
245
_a
GLOBALIZATION A READER FOR WRITERS
_c
JERSKEY,M
942
_2
udc
_c
BK
999
_c
37107
_d
37107